| 000 | 00490nam a2200205Ia 4500 | ||
|---|---|---|---|
| 003 | 0100 | ||
| 008 | 130307s9999 xx 000 0 und d | ||
| 040 | _cARRUPELIB | ||
| 050 | _aBL2530.C2W67 1978 | ||
| 245 | _aReligion and ethnicity | ||
| 260 | _aCanada | ||
| 260 | _bWilfrid Laurier University Press | ||
| 260 | _c1978 | ||
| 300 | _a181p. | ||
| 300 | _b23cm. | ||
| 650 | _aRELIGION | ||
| 650 | _bBarth, Karl | ||
| 700 | _aCoward, Harold and Kawamura, Leslie (ed.) | ||
| 942 | 0 | 0 | _01 |
| 999 |
_c99639 _d99639 |
||